Normal view
MARC view
Entry Personal Name
001 - CONTROL NUMBER
- control field: 4676
003 - CONTROL NUMBER IDENTIFIER
- control field: OSt
005 - DATE AND TIME OF LATEST TRANSACTION
- control field: 20260216105321.0
008 - FIXED-LENGTH DATA ELEMENTS
- fixed length control field: 260216|| aca||aabn | a|a d
040 ## - CATALOGING SOURCE
- Original cataloging agency: OSt
- Transcribing agency: OSt
100 ## - HEADING--PERSONAL NAME
- Personal name: رجب، خالد
670 ## - SOURCE DATA FOUND
- Source citation: Work cat.: (OSt): الناعوق، أحمد محرر. 4670, لسنا أرقاما:
